000
00345nam a2200157Ia 4500
008
210210b1920 xxu||||| |||| 00| 0 eng d
041
_a
eng
082
_a
444/120
100
_a
De LABOULAYE
245
_a
Pif paf
260
_a
Oxford
_b
At the Clarendon Press
_c
1920
650
_a
Pif
650
_a
paf
690
_a
French
906
_a
006315
999
_c
129335
_d
129335